000 00370nam a22001577a 4500
005 20161022153245.0
008 161022b xxu||||| |||| 00| 0 eng d
020 _a81-8031--098-1
041 _aeng
100 _aDUBEY,S.K
_93638
245 _aPATRAKARITA KE NAYE AAYAM
260 _bLOK BHARTI
300 _a115
650 _aMASS COM @ JOURNALISM
_93631
942 _cBK
999 _c5289
_d5287